Statistiche per Città e Regioni - Quiz n°13

Clicka qui per fare il quiz!

Statistiche generali

  • Questo quiz è stato fatto 38 volte
  • Il punteggio medio è 8 su 10

Statistiche sulle risposte

HintRisposta% Corretto
PalermoSicilia
100%
SiracusaSicilia
100%
RagusaSicilia
96%
BattipagliaCampania
85%
Lamezia TermeCalabria
73%
VelletriLazio
73%
ThieneVeneto
69%
SulmonaAbruzzo
62%
FondiLazio
62%
PaternòSicilia
58%

Distribuzione punteggi

Percentile per numero di risposta

Percentuale di utenti per punteggio

I tuoi punteggi nel tempo

Non hai fatto questo quiz